| 000 | 00635nam a22002177a 4500 | ||
|---|---|---|---|
| 003 | dpl | ||
| 005 | 20180719124352.0 | ||
| 008 | 180719b xxu||||| |||| 00| 0 eng d | ||
| 010 | _aB-100212 | ||
| 020 |
_c46.00 _a8123010621 |
||
| 035 | _aB-100212 | ||
| 037 | _bBPPD/PUB | ||
| 040 |
_aDPL _bEN _c0 |
||
| 082 |
_aS _bSPI |
||
| 245 |
_aSpiritual stories of India _cChaman Lal |
||
| 260 |
_aNew Delhi _bPublications House _c1997 |
||
| 270 |
_bNew Delhi _aMinistry of Information and Broadcasting Government of India _e110001 |
||
| 300 |
_a109p. _c23cm(Hb) |
||
| 650 |
_aSpiritualism _y _vdictionary _991067 |
||
| 942 |
_2ddc _cEN _hS _mSPI |
||
| 999 |
_c154391 _d154391 |
||